Staircase Energy Generating System Using Rack and Pinion Mechanism (Record no. 66750)

MARC details
000 -LEADER
fixed length control field 00341nam a22001217a 4500
082 ## - DEWEY DECIMAL CLASSIFICATION NUMBER
Classification number R/3ME17
100 ## - MAIN ENTRY--AUTHOR NAME
Personal name Asfand Murad Kalhoro
-- 17ME19
245 ## - TITLE STATEMENT
Title Staircase Energy Generating System Using Rack and Pinion Mechanism
260 ## - PUBLICATION, DISTRIBUTION, ETC. (IMPRINT)
Place of publication Nawabshah
Name of publisher QUEST
Year of publication 2020
300 ## - PHYSICAL DESCRIPTION
Number of Pages 45
700 ## - ADDED ENTRY--PERSONAL NAME
Personal name Department of Mechanical Engineering
942 ## - ADDED ENTRY ELEMENTS (KOHA)
Koha item type Thesis and Dissertation
Holdings
Withdrawn status Lost status Home library Current library Date acquired Accession Number Koha item type
    Research Section Research Section 06/01/2021 MEP/34-422 Thesis and Dissertation